Welcome to CU Library Online Public Access Catalogue (OPAC)

INTERNATIONAL BUSINESS (Record no. 6282)

MARC details
000 -LEADER
fixed length control field 00468nam a22001697a 4500
005 - DATE AND TIME OF LATEST TRANSACTION
control field 20250604171218.0
008 - FIXED-LENGTH DATA ELEMENTS--GENERAL INFORMATION
fixed length control field 250604b |||||||| |||| 00| 0 eng d
020 ## - INTERNATIONAL STANDARD BOOK NUMBER
International Standard Book Number 007255374
050 ## - LIBRARY OF CONGRESS CALL NUMBER
Classification number HD 62.4 HIL
245 ## - TITLE STATEMENT
Title INTERNATIONAL BUSINESS
Remainder of title COMPETING IN THE GLOBAL MARKET PLACE
250 ## - EDITION STATEMENT
Edition statement 4TH ED.
260 ## - PUBLICATION, DISTRIBUTION, ETC.
Place of publication, distribution, etc. BOSTON
Name of publisher, distributor, etc. McGRAW HILL
Date of publication, distribution, etc. 2003
300 ## - PHYSICAL DESCRIPTION
Extent XIX,703p.TABLES,MAPS,GRAPHS
500 ## - GENERAL NOTE
General note GLOSSARY,INDEX
700 ## - ADDED ENTRY--PERSONAL NAME
Personal name HILL CHARLES W.L.
942 ## - ADDED ENTRY ELEMENTS (KOHA)
Source of classification or shelving scheme Library of Congress Classification
Koha item type Books
Suppress in OPAC No
999 ## -
-- 6282
-- 6282
Holdings
Withdrawn status Lost status Source of classification or shelving scheme Damaged status Not for loan Collection Home library Current library Shelving location Date acquired Total checkouts Full call number Date last seen Copy number Price effective from Koha item type Barcode
    Library of Congress Classification     Non-fiction Graduate Library (Christ Temple) Graduate Library (Christ Temple) General stacks 06/04/2025   HD 62.4 HIL 06/04/2025 1 06/04/2025 Books  
    Library of Congress Classification     Non-fiction Graduate Library (Christ Temple) Graduate Library (Christ Temple) General stacks 06/04/2025   HD 62.4 HIL 06/04/2025 1 06/04/2025 Books gsct00001538
© 2023-2024 Copyright: Central University Libraries. All Rights Reserved | Created by: Mahone Tech Office